| 000 | 00746nam a2200289Ia 4500 | ||
|---|---|---|---|
| 008 | 170711s9999 xx 000 0 und d | ||
| 020 | _a72443715 | ||
| 050 | _a658.4 | ||
| 050 | _bT482 2003 | ||
| 100 | _aThompson, Richard | ||
| 245 | _aStrategic management : | ||
| 245 | _bconcepts and cases / | ||
| 245 | _cRichard Thompson and A. J. Strickland III. | ||
| 260 | _aNew York : | ||
| 260 | _bMcGraw Hill, | ||
| 260 | _c2003 | ||
| 300 | _axxiv, 788 pages : | ||
| 300 | _billustrations ; | ||
| 300 | _c24cm. | ||
| 500 | _aIncludes indexes. | ||
| 650 | _aManagement. | ||
| 650 | _aStrategic planning -- | ||
| 650 | _aStrategic planning. | ||
| 650 | _xCase studies. | ||
| 700 | _aStrickland, A. J., III. | ||
| 700 | _aTitle. | ||
| 999 |
_c339641 _d339641 |
||